Sites internet de cartes en temps réel - Statistiques

Statistiques générales
  • Ce quiz a été pris 6 fois
  • Le résultat moyen est 2 sur 7
Statistiques - réponses
Hint Réponse % Correct
Avions FlightRadar24
100%
Voies du métro Carto Métro
25%
Bateaux Marine Traffic
25%
Voies ferrées (monde) OpenRailwayMap
25%
Trains Travic
25%
Météo Ventusky
25%
Fuseaux horaires World Time Zone
0%
Aucun quiz correspondant
Distribution des résultats
% des personnes avec chaque résultat
Percentile par nombre de réponses
Votre historique - résultats
Vous n’avez pas pris ce quiz